The 2014 farm bill (P.L. 113-79) : summary and side-by-side /

Bibliographic Details
Main Author: Hoover, Katie (Author)
Format: Government Document Database
Language:English
Published: [Washington, D.C.] : Congressional Research Service, [2018?]-
Edition:[Library of Congress public edition].
Series:CRS report ; R43076.
Subjects:
Online Access:https://purl.fdlp.gov/GPO/gpo123734

MARC

Tag First Indicator Second Indicator Subfields
LEADER 00000cai a2200000 i 4500
001 in00004081521
005 20211120102822.0
006 m o d f
007 cr mn|||||||||
008 190731c20189999dcu x w obb f0 2eng c
010 |a  2019231842 
035 |a (OCoLC)on1110705901 
040 |a GPO  |b eng  |e rda  |e pn  |c GPO  |d GPO  |d MvI  |d UtOrBLW 
042 |a pcc 
043 |a n-us--- 
049 |a WWW 
074 |a 0807-A-07 (online) 
086 0 |a LC 14.23:R 43076/ 
100 1 |a Hoover, Katie,  |e author.  |0 http://id.loc.gov/authorities/names/no2018146797 
245 1 4 |a The 2014 farm bill (P.L. 113-79) :  |b summary and side-by-side /  |c Katie Hoover [and twelve others]. 
250 |a [Library of Congress public edition]. 
264 1 |a [Washington, D.C.] :  |b Congressional Research Service,  |c [2018?]- 
300 |a 1 online resource. 
310 |a Updated irregularly 
336 |a text  |b txt  |2 rdacontent 
337 |a computer  |b c  |2 rdamedia 
338 |a online resource  |b cr  |2 rdacarrier 
490 1 |a Report / Congressional Research Service ;  |v R43076 
500 |a The CRS report home page provides access to all versions published since 2018 in accordance with P.L. 115-141; earliest version dated [2014]. 
504 |a Report includes bibliographical references. 
588 |a Description based on contents viewed on July 31, 2019; title from CRS report home page. 
610 2 0 |a Supplemental Nutrition Assistance Program (U.S.)  |0 http://id.loc.gov/authorities/names/no2009120735 
650 0 |a Food relief  |x Government policy  |z United States. 
650 0 |a Agricultural laws and legislation  |z United States.  |0 http://id.loc.gov/authorities/subjects/sh85002351 
710 2 |a Library of Congress.  |b Congressional Research Service,  |e issuing body.  |0 http://id.loc.gov/authorities/names/n79061321 
773 0 8 |i Contained in (work):  |t CRS reports (Library of Congress. Congressional Research Service)  |w (DLC) 2018231131  |w (OCoLC)1052784408 
830 0 |a CRS report ;  |v R43076.  |0 http://id.loc.gov/authorities/names/no2018108464 
856 4 0 |u https://purl.fdlp.gov/GPO/gpo123734  |t 0 
999 f f |s 2b399115-d60e-3c85-b35e-c5b8424aa85c  |i 5a4b5ff3-29e5-3646-b51e-7e482c1ca701  |t 0 
952 f f |a Texas A&M University  |b College Station  |c Electronic Resources  |d Available Online  |t 0  |e LC 14.23:R 43076/  |h Superintendent of Documents classification 
998 f f |a LC 14.23:R 43076/  |t 0  |l Available Online